书目信息 |
| 题名: |
汉语史史料学
|
|
| 作者: | 陈东辉 著 | |
| 分册: | ||
| 出版信息: | 北京 中华书局 2013 |
|
| 页数: | 573页 | |
| 开本: | 24cm | |
| 丛书名: | 浙江大学汉语史研究丛书 | |
| 单 册: | ||
| 中图分类: | H1-09 | |
| 科图分类: | ||
| 主题词: | 汉语史--史料学 | |
| 电子资源: | ||
| ISBN: | 978-7-101-09382-7 | |
| 000 | 01000oam2 2200265 450 | |
| 001 | 337875 | |
| 005 | 20150529090751.71 | |
| 010 | @a978-7-101-09382-7@dCNY110.00 | |
| 100 | @a20130828d2013 em y0chiy50 ea | |
| 101 | 0 | @achi |
| 102 | @aCN@b110000 | |
| 105 | @ay z 000yy | |
| 106 | @ar | |
| 200 | 1 | @a汉语史史料学@Ahan yu shi shi liao xue@f陈东辉著 |
| 210 | @a北京@c中华书局@d2013 | |
| 215 | @a573页@d24cm | |
| 225 | 2 | @a浙江大学汉语史研究丛书 |
| 300 | @a浙江省哲学社会科学规划课题 中央高校基本科研业务费专项资金资助项目 教育部人文社科重点研究基地浙江大学汉语史研究中心资助项目 浙江大学“二一一工程”三期“古代文化典籍整理、研究与保护”项目 | |
| 330 | @a本书共分为十章, 主要内容包括: 文献学基础知识概要;汉语史史料概要;训诂学和词汇史史料;文字学史料;音韵学和方言学史料等。 | |
| 410 | 0 | @12001 @a浙江大学汉语史研究丛书 |
| 606 | 0 | @a汉语史@x史料学 |
| 690 | @aH1-09@v5 | |
| 701 | 0 | @a陈东辉@Achen dong hui@f(1966.11)@4著 |
| 801 | 0 | @aCN@b卓展宏图@c20150525 |
| 905 | @dH1-09@e168@f4 | |
| 汉语史史料学/陈东辉著.-北京:中华书局,2013 |
| 573页;24cm.-(浙江大学汉语史研究丛书) |
| 浙江省哲学社会科学规划课题 中央高校基本科研业务费专项资金资助项目 教育部人文社科重点研究基地浙江大学汉语史研究中心资助项目 浙江大学“二一一工程”三期“古代文化典籍整理、研究与保护”项目 |
| ISBN 978-7-101-09382-7:CNY110.00 |
| 本书共分为十章, 主要内容包括: 文献学基础知识概要;汉语史史料概要;训诂学和词汇史史料;文字学史料;音韵学和方言学史料等。 |
| ● |
| 相关链接 |
|
|
|
|
正题名:汉语史史料学
索取号:H1-09/168
 
预约/预借
| 序号 | 登录号 | 条形码 | 馆藏地/架位号 | 状态 | 备注 |
| 1 | 856520 | 208565202 | 第二样本阅览室/ [索取号:H1-09/168] | 在馆 | |
| 2 | 856521 | 208565211 | 第四借阅区/ [索取号:H1-09/168] | 在馆 | |
| 3 | 856522 | 208565220 | 第四借阅区/ [索取号:H1-09/168] | 在馆 | |
| 4 | 856523 | 208565239 | 第四借阅区/ [索取号:H1-09/168] | 在馆 |